Novels By Last Sentence - Statistics

General Stats
  • This quiz has been taken 13 times
  • The average score is 9 of 22
Answer Stats
Sentence Book % Correct
"He loved Big Brother." Nineteen Eighty-Four
100%
“And that is the story of how Bilbo Baggins found his place in the world again.” The Hobbit
100%
"The grace of our Lord Jesus Christ be with you all. Amen." The Bible
82%
"Ralph wept for the end of innocence, the darkness of man's heart, and the fall through the air of the true, wise friend called Piggy." Lord of the Flies
73%
"…and they were both ever sensible of the warmest gratitude towards the persons who, by bringing her into Derbyshire, had been the means of uniting them.” Pride and Prejudice
64%
"He turned out the light and went into Jem's room. He would be there all night, and he would be there when Jem waked up in the morning." To Kill a Mockingbird
55%
“So we beat on, boats against the current, borne back ceaselessly into the past.” The Great Gatsby
45%
“And when he shakes his mane, we shall have spring again.” The Lion, The Witch, and The Wardrobe
45%
"As you wish." The Princess Bride
45%
"It is a far, far better thing that I do, than I have ever done; it is a far, far better rest that I go to than I have ever known." A Tale of Two Cities
36%
“There are much worse games to play.” The Hunger Games
36%
"He lay flat on the brown, pine‑needle floor of the forest, his chin on his folded arms, and high overhead the wind blew in.” For Whom the Bell Tolls
27%
"It was the devious-cruising Rachel, that in her retracing search after her missing children, only found another orphan." Moby-Dick
27%
“The mercies, niece,” said [name of the book], “are those that God has this moment shown me, and with him, as I said, my sins are no impediment to them.” Don Quixote
18%
“And some day we'll remember so much that we'll build the biggest goddamn steamshovel in history and dig the biggest grave of all time and shove war in and cover it up. Come on now, we're going to go build a mirror factory first and put out nothing but mirrors for the next year and take a long look in them.” Fahrenheit 451
18%
"I'm going to have a lot of fun with Dudley this summer..." Harry Potter and the Philosopher's Stone
18%
Zygote (n) - a diploid cell resulting from the fusion of two haploid gametes; a fertilized ovum. The Dictionary
18%
"He was a tool of the boss, without brains or backbone.” The Metamorphosis
18%
"And so, you see, there is no use going on about it, and I shall go and have a good rest now.” Alice's Adventures in Wonderland
9%
"Only the margin left to write on now. I love you, I love you, I love you." I Capture the Castle
9%
"But perhaps it was only an echo." The Giver
9%
“Oh, Jack,” Brett said, “we could have had such a damned good time together.” “Yes,” I said. “Isn’t it pretty to think so?” The Sun Also Rises
9%
No matching quizzes found
Score Distribution
Percent of People with Each Score
Percentile by Number Answered
Your Score History
You have not taken this quiz